| 000 | 00466nab a2200145Ia 4500 | ||
|---|---|---|---|
| 003 | ES-SlBCS | ||
| 005 | 20210601132853.0 | ||
| 008 | 140529s1964 xxu||||| |||| 00| 0 ita d | ||
| 041 | _aita | ||
| 100 | 1 |
_aPetrini, Francesco _922877 |
|
| 245 | 0 | 0 |
_aGiovanni Gentile e l'intuito rosminiano dell'essere _c Francesco Petrini |
| 600 | 1 |
_aGentile, Giovanni-Ser _9199677 |
|
| 773 | 0 |
_tGiornali di Metafisica _gvol. 19, nº. 4-5, 1964, págs. 520-531 _w0017-0372 |
|
| 942 | _cAR | ||
| 999 |
_c586954 _d586954 |
||